World religions / (Record no. 131614)
[ view plain ]
| 000 -LEADER | |
|---|---|
| fixed length control field | 02001cam a22004574a 4500 |
| 001 - CONTROL NUMBER | |
| control field | 14335433 |
| 003 - CONTROL NUMBER IDENTIFIER | |
| control field | ARRUPE |
| 005 - DATE AND TIME OF LATEST TRANSACTION | |
| control field | 20221130093252.0 |
| 008 - FIXED-LENGTH DATA ELEMENTS--GENERAL INFORMATION | |
| fixed length control field | 060410m20079999miuab b 001 0deng |
| 010 ## - LIBRARY OF CONGRESS CONTROL NUMBER | |
| LC control number | 2006012295 |
| Canceled/invalid LC control number | 2006012296 |
| 020 ## - INTERNATIONAL STANDARD BOOK NUMBER | |
| International Standard Book Number | 1414402260 (6v. set) |
| 020 ## - INTERNATIONAL STANDARD BOOK NUMBER | |
| International Standard Book Number | 1414402279 (Almanac : set : alk. paper) |
| 020 ## - INTERNATIONAL STANDARD BOOK NUMBER | |
| International Standard Book Number | 1414402287 (Almanac : vol. 1 : alk. paper) |
| 020 ## - INTERNATIONAL STANDARD BOOK NUMBER | |
| International Standard Book Number | 1414402295 (Almanac : vol. 2 alk. paper) |
| 020 ## - INTERNATIONAL STANDARD BOOK NUMBER | |
| International Standard Book Number | 1414402309 (Biographies : set : alk. paper) |
| 020 ## - INTERNATIONAL STANDARD BOOK NUMBER | |
| International Standard Book Number | 1414402317 (Biographies : vol. 1 alk. paper) |
| 020 ## - INTERNATIONAL STANDARD BOOK NUMBER | |
| International Standard Book Number | 1414402325 (Biographies : vol. 2 : alk. paper) |
| 020 ## - INTERNATIONAL STANDARD BOOK NUMBER | |
| International Standard Book Number | 1414402333 (Primary Sources : alk. paper) |
| 020 ## - INTERNATIONAL STANDARD BOOK NUMBER | |
| International Standard Book Number | 1414402341 (Cumulative Index : softcover : alk. paper) |
| 028 ## - PUBLISHER NUMBER | |
| Source | Arrupe |
| 035 ## - SYSTEM CONTROL NUMBER | |
| System control number | (OCoLC)ocm67240464 |
| 040 ## - CATALOGING SOURCE | |
| Original cataloging agency | DLC |
| Transcribing agency | DLC |
| Modifying agency | DLC |
| 042 ## - AUTHENTICATION CODE | |
| Authentication code | pcc |
| 050 00 - LIBRARY OF CONGRESS CALL NUMBER | |
| Classification number | BL74 |
| Item number | .J66 2007 |
| 082 00 - DEWEY DECIMAL CLASSIFICATION NUMBER | |
| Classification number | 200 |
| Edition number | 22 |
| 300 ## - PHYSICAL DESCRIPTION | |
| Other physical details | ill., maps ; |
| Dimensions | 25 cm. |
| 100 1# - MAIN ENTRY--PERSONAL NAME | |
| Personal name | O'Neal, Michael, |
| Dates associated with a name | 1949- |
| 9 (RLIN) | 52147 |
| 245 10 - TITLE STATEMENT | |
| Title | World religions / |
| Statement of responsibility, etc | Michael J. O'Neal and J. Sydney Jones ; Neil Schlager and Jayne Weisblatt, editors. |
| 260 ## - PUBLICATION, DISTRIBUTION, ETC. (IMPRINT) | |
| Place of publication, distribution, etc | Detroit : |
| Name of publisher, distributor, etc | UXL/Thomson Gale, |
| Date of publication, distribution, etc | c2007- |
| 300 ## - PHYSICAL DESCRIPTION | |
| Extent | <v. <1-4 ; in 6 > : |
| 490 1# - SERIES STATEMENT | |
| Series statement | U.X.L world religions reference library |
| 500 ## - GENERAL NOTE | |
| General note | Includes bibliographical references and indexes. |
| 505 1# - FORMATTED CONTENTS NOTE | |
| Formatted contents note | [1] Almanac, pts. 1-2 -- [2] Biographies, pts. 1-2 -- [3] Primary sources -- [4] Cumulative index. |
| 650 #0 - SUBJECT ADDED ENTRY--TOPICAL TERM | |
| Topical term or geographic name as entry element | Religions. |
| 700 1# - ADDED ENTRY--PERSONAL NAME | |
| Personal name | Jones, J. Sydney. |
| 9 (RLIN) | 52148 |
| 700 1# - ADDED ENTRY--PERSONAL NAME | |
| Personal name | Schlager, Neil, |
| Dates associated with a name | 1966- |
| 9 (RLIN) | 52149 |
| 700 1# - ADDED ENTRY--PERSONAL NAME | |
| Personal name | Weisblatt, Jayne. |
| 9 (RLIN) | 52150 |
| 830 #0 - SERIES ADDED ENTRY--UNIFORM TITLE | |
| Uniform title | World religions reference library. |
| 9 (RLIN) | 52151 |
| 906 ## - LOCAL DATA ELEMENT F, LDF (RLIN) | |
| a | 7 |
| b | cbc |
| c | orignew |
| d | 1 |
| e | ecip |
| f | 20 |
| g | y-gencatlg |
| 942 ## - ADDED ENTRY ELEMENTS (KOHA) | |
| Source of classification or shelving scheme | Library of Congress Classification |
| Koha item type | REFERENCE |
| Withdrawn status | Lost status | Source of classification or shelving scheme | Damaged status | Not for loan | Home library | Current library | Shelving location | Date acquired | Total Checkouts | Full call number | Barcode | Date last seen | Price effective from | Koha item type |
|---|---|---|---|---|---|---|---|---|---|---|---|---|---|---|
| Library of Congress Classification | ARRUPE LIBRARY | ARRUPE LIBRARY | REFERENCE | 30/11/2022 | BL74 .J66 2007 | 46700000175 | 30/11/2022 | 30/11/2022 | REFERENCE | |||||
| Library of Congress Classification | ARRUPE LIBRARY | ARRUPE LIBRARY | REFERENCE | 30/11/2022 | BL74 .J66 2007 | 46700000178 | 30/11/2022 | 30/11/2022 | REFERENCE | |||||
| Library of Congress Classification | ARRUPE LIBRARY | ARRUPE LIBRARY | REFERENCE | 30/11/2022 | BL74 .J66 2007 | 46700000181 | 30/11/2022 | 30/11/2022 | REFERENCE | |||||
| Library of Congress Classification | ARRUPE LIBRARY | ARRUPE LIBRARY | REFERENCE | 30/11/2022 | BL74 .J66 2007 | 46700000187 | 30/11/2022 | 30/11/2022 | REFERENCE | |||||
| Library of Congress Classification | ARRUPE LIBRARY | ARRUPE LIBRARY | REFERENCE | 30/11/2022 | BL74 .J66 2007 | 46700000184 | 30/11/2022 | 30/11/2022 | REFERENCE | |||||
| Library of Congress Classification | ARRUPE LIBRARY | ARRUPE LIBRARY | REFERENCE | 30/11/2022 | BL74 .J66 2007 | 46700000190 | 30/11/2022 | 30/11/2022 | REFERENCE |